| 000 | 01483nam a2200265 i 4500 | ||
|---|---|---|---|
| 003 | DO-SdBNP | ||
| 005 | 20260203140251.0 | ||
| 007 | ta | ||
| 008 | 260203b2019 dr ac||| |||| 00| 0 spa d | ||
| 040 |
_aDO-SdBNP _bspa _cBNPHU _erda |
||
| 041 | _aspa | ||
| 082 | 4 |
_axxx _bU58i 2019-2021 _222 |
|
| 110 | 2 | _aUniversidad Nacional Pedro Henríquez Ureña | |
| 245 | 1 | 0 |
_aInforme de gestión : _bperíodo rectoral 2019-2021 / _cMiguel Fiallo Calderón. |
| 264 |
_aSanto Domingo, República Dominicana : _bUniversidad Nacional Pedro Henríquez Ureña (UNPHU), _c2021. |
||
| 300 |
_a131 páginas : _bilustraciones, retratos ; _c32 cm. |
||
| 336 |
_atexto _btxt _2rdacontent |
||
| 337 |
_asin mediación _bn _2rdamedia |
||
| 338 |
_avolumen _bnc _2rdacarrier |
||
| 505 | _aInforme ejecutivo 2017-2019 -- Informe de gestión rectoral 2017-2019 -- Vicerrectoría Académica -- Vicerrectoría de Posgrados -- Vicerrectoría de Proyectos, investigación y vinculación -- Vicerrectoría de gestión e internacionalización -- Vicerrectoría Recinto La Vega -- Dirección de desarrollo institucional y aseguramiento de la calidad -- Informe económico y financiero -- Área administrativa y financiera -- Prounphu -- Centro de Altos Estudios Humanísticos y del Idioma Español -- Estados financieros auditados por Guzmán Tapia PKF al 31 de diciembre de 2018 --. | ||
| 590 | _aInventariado, 2026 /LP | ||
| 700 | 1 |
_aFiallo Calderón, Miguel, _d1948- _975903 |
|
| 910 | _aLP | ||
| 942 |
_2ddc _cLBS1 |
||
| 999 |
_c60199 _d60199 |
||